Cuentos que me apasionaron
Sparad:
| Materialtyp: | Bok |
|---|---|
| Språk: | Undetermined |
| Publicerad: |
Buenos Aires, Argentina
La Nación
2006
Seix Barral |
| Upplaga: | 3 |
| Ämnen: | |
| Taggar: |
Lägg till en tagg
Inga taggar, Lägg till första taggen!
|
MARC
| LEADER | 00000nam a2200000Ia 4500 | ||
|---|---|---|---|
| 008 | 170316s9999 xx 000 0 und d | ||
| 999 | |c 30698 |d 30698 | ||
| 020 | |a 9507314997 | ||
| 040 | |a cru BVZT | ||
| 090 | |a 860 C-50.1c | ||
| 245 | |a Cuentos que me apasionaron |c Ernesto Sabato, compilador | ||
| 250 | |a 3 | ||
| 260 | |a Buenos Aires, Argentina |b La Nación | ||
| 260 | |b Seix Barral | ||
| 260 | |c 2006 | ||
| 300 | |a 328 páginas | ||
| 650 | |a LITERATURA LATINOAMERICANA |9 15 | ||
| 650 | 0 | |a CUENTOS |9 271 | |
| 942 | |c 15 D |h 860 C-50.1c |2 z | ||



